Pedro Pablo Rubens (1577-1640) (Record no. 114865)
[ view plain ]
| 000 -LEADER | |
|---|---|
| campo de control de longitud fija | 01397nam a2200277 i 4500 |
| 001 - NÚMERO DE CONTROL | |
| campo de control | 114865 |
| 003 - IDENTIFICADOR DE NÚMERO DE CONTROL | |
| campo de control | ES-MaACL |
| 005 - FECHA Y HORA DE LA ÚLTIMA TRANSACCIÓN | |
| campo de control | 20231214203314.0 |
| 007 - CAMPO FIJO DE DESCRIPCIÓN FÍSICA--INFORMACIÓN GENERAL | |
| campo de control de longitud fija | t| |
| 008 - DATOS DE LONGITUD FIJA--INFORMACIÓN GENERAL | |
| campo de control de longitud fija | 070413s1977 sp ac |||| |bspa d |
| 080 ## - NÚMERO DE LA CLASIFICACIÓN DECIMAL UNIVERSAL | |
| Número de la Clasificación Decimal Universal | 75 Rubens, Peter Paul:061.43(464.1 M.)"1977/78" |
| 080 ## - NÚMERO DE LA CLASIFICACIÓN DECIMAL UNIVERSAL | |
| Número de la Clasificación Decimal Universal | 75(493)"15/16":061.43(464.1 M.)"1977/78" |
| 100 1# - ENTRADA PRINCIPAL--NOMBRE DE PERSONA | |
| Nombre de persona | Díaz Padrón, Matías, |
| Fechas asociadas al nombre | 1934-2022 |
| 9 (RLIN) | 44376 |
| 245 10 - MENCIÓN DEL TÍTULO | |
| Título | Pedro Pablo Rubens (1577-1640) |
| Resto del título | : exposición homenaje, Palacio de Velázquez (Parque del Retiro), Madrid, diciembre 1977-marzo 1978 / |
| Mención de responsabilidad, etc. | [selección, catalogación y estudio Matías Díaz Padrón ; colaboradores, Mercedes Orihuela Maeso, et al. ; organizada por el] Ministerio de Cultura, Dirección General del Patrimonio Artístico, Archivos y Museos. |
| 260 ## - PUBLICACIÓN, DISTRIBUCIÓN, ETC. | |
| Lugar de publicación, distribución, etc. | [Madrid : |
| Nombre del editor, distribuidor, etc. | Patronato Nacional de Museos, |
| Fecha de publicación, distribución, etc. | 1977] |
| 300 ## - DESCRIPCIÓN FÍSICA | |
| Extensión | 272 p. : |
| Otras características físicas | il. col. y n. ; |
| Dimensiones | 25 cm. |
| 490 1# - MENCIÓN DE SERIE | |
| Mención de serie | Publicaciones de la Dirección General del Patrimonio Artístico Archivos y Museos |
| 504 ## - NOTA DE BIBLIOGRAFÍA, ETC. | |
| Nota de bibliografía, etc. | Referencias bibliográficas. |
| 600 14 - PUNTO DE ACCESO ADICIONAL DE MATERIA--NOMBRE DE PERSONA | |
| Nombre de persona | Rubens, Peter Paul- |
| Subdivisión de forma | Exposiciones. |
| 9 (RLIN) | 100292 |
| 650 14 - PUNTO DE ACCESO ADICIONAL DE MATERIA--TÉRMINO DE MATERIA | |
| Término de materia o nombre geográfico como elemento de entrada | Pintura barroca- |
| Subdivisión geográfica | Países Bajos- |
| Subdivisión de forma | Exposiciones. |
| 9 (RLIN) | 148604 |
| 655 #7 - TERMINO DE INDIZACIÓN--GENERO/FORMA | |
| Fuente del término | tgfbne |
| 9 (RLIN) | 193628 |
| Datos o término principal de género/forma | Catálogos de exposiciones |
| 830 0# - PUNTO DE ACCESO ADICIONAL DE SERIE-TÍTULO UNIFORME | |
| Título uniforme | Publicaciones de la Dirección General del Patrimonio Artístico Archivos y Museos |
| 9 (RLIN) | 226820 |
| 852 ## - LOCALIZACIÓN | |
| Ubicación | ES-MaACL |
| Número de control de estantería | A-8158 |
| 942 ## - ELEMENTOS DE ENTRADA SECUNDARIOS (KOHA) | |
| Fuente del sistema de clasificación o colocación | Clasificación decimal universal |
| Estatus retirado | Estado de pérdida | Estado de daño | No para préstamo | Biblioteca de origen | Biblioteca actual | Ubicación en estantería | Fecha de adquisición | Fuente de adquisición | Total de préstamos | Signatura topográfica completa | Código de barras | Visto por última vez | Precio de reemplazo | Tipo de ítem Koha |
|---|---|---|---|---|---|---|---|---|---|---|---|---|---|---|
| Biblioteca del Ateneo de Madrid | Biblioteca del Ateneo de Madrid | Sala Pecera Planta 1 | 17/01/2008 | A-8158 | 1119782 | 23/02/2023 | 23/02/2023 | Libro impreso |
